00273nam a2200121Ia 4500008004100000041000900041082001700050100001600067245001700083260003500100300000800135650000800143230718s9999 xx 000 0 und d aEng. a34605bKAP-L aKapoor, S.K 0aLaw of tests aPakistanbImran law bookc2008 a333 aLaw